000 00504nam a22001697a 4500
999 _c8474
_d8474
008 201125b ||||| |||| 00| 0 eng d
040 _aBMS College of Architecture
100 _aG, Sanjana
245 _aFarm winery and agri tourism
300 _a57p.
500 _a1BM14AT090
502 _8B,Arch
_NBMS College of Architecture, Visvesvaraya Technological University (VTU)
_aProject report
_d2018
650 _aNA
700 _aReshmi M K
_eGuide
700 _aSantosh Kumar
_eGuide
942 _2ddc
_cTHE